[Event "AS04 75 Anniversary"]
[Site "Copenhagen"]
[Date "1979.??.??"]
[Round "?"]
[White "Kristiansen, Jens"]
[Black "Iskov, Gert"]
[Result "1/2-1/2"]
[WhiteElo "2365"]
[BlackElo "2370"]
[PlyCount "149"]
[EventDate "1979.??.??"]
[EventType "tourn"]
[EventRounds "11"]
[EventCountry "DEN"]
[EventCategory "6"]

1. e4 c5 2. Nf3 d6 3. d4 cxd4 4. Nxd4 Nf6 5. Nc3 a6 6. Be2 e6 7. O-O Be7 8. f4
O-O 9. Be3 Nc6 10. a4 Qc7 11. Bf3 Re8 12. Kh1 Rb8 13. Rf2 Na5 14. g4 b6 15. g5
Nd7 16. Bg2 Bf8 17. Qf3 Nc4 18. Bc1 Bb7 19. b3 Na5 20. Bb2 Nc6 21. Nxc6 Bxc6
22. Qg3 b5 23. axb5 axb5 24. Re1 Qb7 25. Re3 b4 26. Nb1 d5 27. exd5 Bxd5 28.
Re1 Rbc8 29. Qd3 Bxg2+ 30. Rxg2 Red8 31. Nd2 Ne5 32. Qe4 Qxe4 33. Nxe4 Ng6 34.
Rf2 Nh4 35. Be5 Rd5 36. h3 Ng6 37. Bb2 Be7 38. Kg2 Bd8 39. Bc1 Nh4+ 40. Kg1 Bb6
41. Be3 Bxe3 42. Rxe3 Rd1+ 43. Rf1 Nf5 44. Re2 Rxf1+ 45. Kxf1 Kf8 46. Rd2 Ne3+
47. Ke2 Nxc2 48. Rd7 Ke8 49. Rb7 Rd8 50. Nc5 Kf8 51. Nd7+ Kg8 52. Kd3 Rc8 53.
Rb8 Ne1+ 54. Ke4 Rxb8 55. Nxb8 f5+ 56. Kd4 Kf7 57. Nc6 Ng2 58. Ke5 Ne1 59. Nd8+
Ke7 60. Nxe6 g6 61. Nc5 Nf3+ 62. Kd5 Nd2 63. Kc6 Nf3 64. Kd5 Nd2 65. h4 Nf3 66.
Kc4 Nxh4 67. Kxb4 Ng2 68. Nd3 Kd6 69. Kc4 Ne3+ 70. Kd4 Nc2+ 71. Kc3 Na3 72. Ne5
Nb5+ 73. Kb4 Nc7 74. Kc4 Nd5 75. Nd3 1/2-1/2

[Event "AS04 75 Anniversary"]
[Site "Copenhagen"]
[Date "1979.??.??"]
[Round "?"]
[White "Kristiansen, Jens"]
[Black "Wahlbom, Magnus"]
[Result "1-0"]
[WhiteElo "2365"]
[BlackElo "2375"]
[PlyCount "99"]
[EventDate "1979.??.??"]
[EventType "tourn"]
[EventRounds "11"]
[EventCountry "DEN"]
[EventCategory "6"]

1. e4 c5 2. Nf3 e6 3. Nc3 Nc6 4. d4 cxd4 5. Nxd4 d6 6. Be3 Nf6 7. Bc4 a6 8. Bb3
Be7 9. Qe2 O-O 10. O-O-O Qc7 11. Rhg1 Na5 12. g4 Nxb3+ 13. axb3 Re8 14. g5 Nd7
15. h4 Bf8 16. h5 g6 17. hxg6 fxg6 18. Qg4 Ne5 19. Qh4 b5 20. f4 b4 21. Na4 Nc6
22. Nxc6 Qxc6 23. Rh1 Re7 24. e5 dxe5 25. Bc5 Rc7 26. f5 Bxc5 27. Nxc5 Bb7 28.
Qc4 Re8 29. Nxe6 Qxc4 30. bxc4 Rf7 31. fxg6 hxg6 32. Nd8 Bxh1 33. Nxf7 Kxf7 34.
Rxh1 e4 35. Rf1+ Kg7 36. Kd2 Rc8 37. b3 Rc5 38. Rg1 Kf7 39. Ke3 Re5 40. Rg4 a5
41. Kd4 Rf5 42. c5 e3 43. Re4 Rf2 44. c4 bxc3 45. Kxc3 Rf5 46. Kc4 Rxg5 47.
Rxe3 Rg1 48. c6 Rc1+ 49. Kb5 Kf6 50. Kb6 1-0

[Event "AS04 75 Anniversary"]
[Site "Copenhagen"]
[Date "1979.??.??"]
[Round "?"]
[White "Krnic, Zdenko"]
[Black "Djuric, Stefan"]
[Result "1/2-1/2"]
[WhiteElo "2390"]
[BlackElo "2415"]
[PlyCount "26"]
[EventDate "1979.??.??"]
[EventType "tourn"]
[EventRounds "11"]
[EventCountry "DEN"]
[EventCategory "6"]

1. Nf3 Nf6 2. b3 d5 3. Bb2 e6 4. e3 Be7 5. Be2 O-O 6. O-O b6 7. c4 Bb7 8. Nc3
c5 9. d4 cxd4 10. Nxd4 dxc4 11. Bxc4 a6 12. Be2 b5 13. Bf3 Ra7 1/2-1/2

[Event "AS04 75 Anniversary"]
[Site "Copenhagen"]
[Date "1979.??.??"]
[Round "?"]
[White "Krnic, Zdenko"]
[Black "Kristiansen, Jens"]
[Result "1-0"]
[WhiteElo "2390"]
[BlackElo "2365"]
[PlyCount "65"]
[EventDate "1979.??.??"]
[EventType "tourn"]
[EventRounds "11"]
[EventCountry "DEN"]
[EventCategory "6"]

1. b3 e5 2. Bb2 d6 3. d4 exd4 4. Qxd4 Nf6 5. Nc3 Nc6 6. Qd2 d5 7. O-O-O Be6 8.
g3 Bb4 9. Bg2 Qe7 10. Qf4 O-O-O 11. h4 a6 12. e3 Kb8 13. h5 h6 14. Rh4 Nxh5 15.
Rxh5 g5 16. Qf3 Ne5 17. Qe2 Bxc3 18. Bxc3 Bg4 19. f3 Bxh5 20. g4 Bg6 21. f4
gxf4 22. exf4 d4 23. Rxd4 Nd3+ 24. Rxd3 Qc5 25. Re3 Rhg8 26. Kb2 f5 27. Be5
fxg4 28. Rc3 Qxg1 29. Rxc7 b5 30. Rb7+ Kc8 31. Rc7+ Kb8 32. Rb7+ Kc8 33. Qxg4+
1-0

[Event "AS04 75 Anniversary"]
[Site "Copenhagen"]
[Date "1979.??.??"]
[Round "?"]
[White "Krnic, Zdenko"]
[Black "Mikhalchishin, Adrian"]
[Result "0-1"]
[WhiteElo "2390"]
[BlackElo "2480"]
[PlyCount "78"]
[EventDate "1979.??.??"]
[EventType "tourn"]
[EventRounds "11"]
[EventCountry "DEN"]
[EventCategory "6"]

1. e4 e5 2. Nf3 Nc6 3. Bb5 a6 4. Bxc6 dxc6 5. O-O Qd6 6. d3 f6 7. Be3 c5 8.
Nbd2 Be6 9. Qe2 Ne7 10. c3 O-O-O 11. Nb3 Bxb3 12. axb3 Nc6 13. Rfd1 Be7 14. d4
cxd4 15. cxd4 exd4 16. Nxd4 Nxd4 17. Rxd4 Qe6 18. Rc4 Rd7 19. Qc2 Rhd8 20. g3
Kb8 21. Kg2 h5 22. b4 h4 23. b5 h3+ 24. Kf3 axb5 25. Ba7+ Kc8 26. Be3 Kb8 27.
Ba7+ Kc8 28. Be3 c6 29. Rc3 Kc7 30. b3 Bb4 31. Bf4+ Bd6 32. Be3 Re7 33. Ra7 Be5
34. Rc5 Bd4 35. Bxd4 Rxd4 36. Rxb5 Kb8 37. Rba5 Rxe4 38. Ra8+ Kc7 39. Qc3 Qg4#
0-1

[Event "AS04 75 Anniversary"]
[Site "Copenhagen"]
[Date "1979.??.??"]
[Round "?"]
[White "Krnic, Zdenko"]
[Black "Schussler, Harry"]
[Result "1/2-1/2"]
[WhiteElo "2390"]
[BlackElo "2460"]
[PlyCount "82"]
[EventDate "1979.??.??"]
[EventType "tourn"]
[EventRounds "11"]
[EventCountry "DEN"]
[EventCategory "6"]

1. e4 g6 2. d4 Bg7 3. Nc3 d6 4. Bg5 a6 5. f4 b5 6. Nf3 Bb7 7. Qd2 Nd7 8. a4 b4
9. Nd5 a5 10. Bd3 Ngf6 11. c4 bxc3 12. Nxc3 O-O 13. O-O d5 14. exd5 Nb6 15. f5
Nbxd5 16. Rae1 Nb4 17. Bb1 Ba6 18. Rf2 Rc8 19. h3 Re8 20. Re5 Nfd5 21. Nxd5
Nxd5 22. Re1 c5 23. dxc5 Rxc5 24. fxg6 hxg6 25. Ba2 Bc4 26. Bxc4 Rxc4 27. Ne5
Bxe5 28. Rxe5 Rc5 29. Qd4 Qd6 30. Re1 Nc7 31. Qxd6 exd6 32. Rxe8+ Nxe8 33. Re2
Rxg5 34. Rxe8+ Kg7 35. Rb8 Rc5 36. Rb6 Rc4 37. b3 Rd4 38. Rb5 Rd3 39. Kf2 Kf6
40. Ke2 Rg3 41. Kf2 Rd3 1/2-1/2

[Event "AS04 75 Anniversary"]
[Site "Copenhagen"]
[Date "1979.??.??"]
[Round "?"]
[White "Krnic, Zdenko"]
[Black "Westerinen, Heikki"]
[Result "0-1"]
[WhiteElo "2390"]
[BlackElo "2465"]
[PlyCount "81"]
[EventDate "1979.??.??"]
[EventType "tourn"]
[EventRounds "11"]
[EventCountry "DEN"]
[EventCategory "6"]

1. e4 e5 2. Nf3 Nc6 3. Bb5 a6 4. Bxc6 dxc6 5. O-O Bd6 6. d4 exd4 7. Qxd4 f6 8.
Nbd2 Be6 9. b3 Ne7 10. Nc4 Bb4 11. Ne3 c5 12. Qb2 O-O 13. c3 Ba5 14. Qc2 Qe8
15. Ba3 Qh5 16. Rad1 Rae8 17. Nd2 b5 18. f4 Bb6 19. c4 Nc6 20. f5 Nd4 21. Qd3
Ne2+ 22. Kh1 Ng3+ 23. Kg1 Rd8 24. Nd5 Nxf1 25. Rxf1 Bxd5 26. exd5 Rfe8 27. Ne4
Qg4 28. Ng3 bxc4 29. bxc4 Qd4+ 30. Qxd4 cxd4 31. Rd1 Re3 32. Bb4 a5 33. Bd2 Rd3
34. Kf1 Re8 35. Ne2 Re5 36. g4 h5 37. Nf4 Rf3+ 38. Kg2 hxg4 39. Ne6 Re2+ 40.
Kh1 Rd3 41. c5 0-1

[Event "AS04 75 Anniversary"]
[Site "Copenhagen"]
[Date "1979.??.??"]
[Round "?"]
[White "Larsen, Bent"]
[Black "Brinck Claussen, Bjorn"]
[Result "1-0"]
[WhiteElo "2620"]
[BlackElo "2375"]
[PlyCount "105"]
[EventDate "1979.??.??"]
[EventType "tourn"]
[EventRounds "11"]
[EventCountry "DEN"]
[EventCategory "6"]

1. e4 e5 2. Nf3 Nc6 3. d4 exd4 4. Nxd4 Bc5 5. Nxc6 Qf6 6. f4 Qxc6 7. Nc3 Nf6 8.
Bb5 Qe6 9. Qe2 O-O 10. e5 Nd5 11. Ne4 Be7 12. O-O f5 13. exf6 Nxf6 14. Nxf6+
Bxf6 15. Qxe6+ dxe6 16. c3 a6 17. Ba4 b5 18. Bb3 c5 19. Be3 c4 20. Bc2 Bb7 21.
Rad1 Rad8 22. Bb6 Rxd1 23. Rxd1 Bd5 24. a3 g6 25. g3 Rb8 26. Bc5 Kf7 27. Kf2
Rd8 28. Bb6 Rb8 29. Bc7 Rc8 30. Ba5 Be7 31. Bb6 Rb8 32. Bd4 a5 33. Ra1 h6 34.
Ke3 g5 35. Be4 gxf4+ 36. Kxf4 Bg5+ 37. Kf3 b4 38. axb4 axb4 39. h4 Be7 40. Ra7
bxc3 41. bxc3 Ke8 42. Bxd5 exd5 43. Ra5 Rd8 44. Kg4 Kf7 45. Ra7 Ke6 46. Kh5 Bd6
47. Ra6 Kf5 48. g4+ Ke4 49. Kxh6 Bf4+ 50. g5 Kd3 51. Bf6 Rd7 52. Kh5 Bd2 53. g6
1-0

[Event "AS04 75 Anniversary"]
[Site "Copenhagen"]
[Date "1979.??.??"]
[Round "?"]
[White "Larsen, Bent"]
[Black "Mikhalchishin, Adrian"]
[Result "1-0"]
[WhiteElo "2620"]
[BlackElo "2480"]
[PlyCount "77"]
[EventDate "1979.??.??"]
[EventType "tourn"]
[EventRounds "11"]
[EventCountry "DEN"]
[EventCategory "6"]

1. c4 e6 2. Nf3 Nf6 3. b3 d5 4. Bb2 Be7 5. e3 O-O 6. Nc3 c5 7. cxd5 Nxd5 8.
Nxd5 exd5 9. Be2 Nc6 10. O-O d4 11. Bb5 dxe3 12. dxe3 Qb6 13. Bd3 Nb4 14. Bc4
Be6 15. Qe2 Rad8 16. Ne5 Bf6 17. a3 Nd5 18. f4 Nc7 19. Rad1 Bxe5 20. Bxe5 Bxc4
21. Qxc4 Qc6 22. b4 b6 23. h4 Nd5 24. Rd3 Nf6 25. Rfd1 Rxd3 26. Rxd3 Ng4 27.
Bc3 Re8 28. bxc5 bxc5 29. e4 h6 30. e5 Rb8 31. Be1 Rb2 32. Rd8+ Kh7 33. Qd3+ g6
34. Qf3 Qe6 35. Qa8 g5 36. h5 Rxg2+ 37. Kxg2 Ne3+ 38. Kf2 Qa2+ 39. Bd2 1-0

[Event "AS04 75 Anniversary"]
[Site "Copenhagen"]
[Date "1979.??.??"]
[Round "?"]
[White "Mikhalchishin, Adrian"]
[Black "Djuric, Stefan"]
[Result "1-0"]
[WhiteElo "2480"]
[BlackElo "2415"]
[PlyCount "77"]
[EventDate "1979.??.??"]
[EventType "tourn"]
[EventRounds "11"]
[EventCountry "DEN"]
[EventCategory "6"]

1. Nf3 d5 2. d4 Nf6 3. c4 c6 4. e3 g6 5. Nc3 Bg7 6. Bd3 O-O 7. O-O Bg4 8. h3
Bxf3 9. Qxf3 e6 10. Rd1 Nbd7 11. a4 a5 12. b3 Re8 13. Ba3 Qb6 14. Rab1 Rad8 15.
b4 axb4 16. Bxb4 Qa7 17. cxd5 exd5 18. Qe2 Re6 19. a5 Rde8 20. Qb2 Nh5 21. Be2
Nhf6 22. Bf3 Bf8 23. Bxf8 Rxf8 24. Qxb7 Qxa5 25. Qb4 Qxb4 26. Rxb4 Ra8 27. Rc1
h5 28. Rb7 Kf8 29. Ne2 Ra6 30. Nf4 Rd6 31. Nd3 Rb6 32. Rxb6 Nxb6 33. Ne5 g5 34.
Nxc6 g4 35. hxg4 hxg4 36. Be2 g3 37. fxg3 Nc4 38. Ne5 Nxe3 39. Rc7 1-0

[Event "AS04 75 Anniversary"]
[Site "Copenhagen"]
[Date "1979.??.??"]
[Round "?"]
[White "Mikhalchishin, Adrian"]
[Black "Hoi, Carsten"]
[Result "1-0"]
[WhiteElo "2480"]
[BlackElo "2355"]
[PlyCount "63"]
[EventDate "1979.??.??"]
[EventType "tourn"]
[EventRounds "11"]
[EventCountry "DEN"]
[EventCategory "6"]

1. e4 g6 2. d4 Bg7 3. Nc3 d6 4. Be2 Nf6 5. Nf3 O-O 6. O-O Nc6 7. d5 Nb4 8. Re1
a5 9. Bf4 c6 10. a3 Na6 11. dxc6 bxc6 12. e5 Nh5 13. exd6 Nxf4 14. dxe7 Qxe7
15. Bxa6 Qf6 16. Bxc8 Raxc8 17. Re3 Rfd8 18. Qe1 Qf5 19. g3 Nh3+ 20. Kg2 g5 21.
Qe2 Rb8 22. Rd1 Rxd1 23. Nxd1 g4 24. Nh4 Qd5+ 25. f3 h5 26. b3 Bf6 27. Rd3 Qg5
28. fxg4 hxg4 29. Qe4 Kf8 30. Ne3 Qc5 31. Qxg4 Bg5 32. Kxh3 1-0

[Event "AS04 75 Anniversary"]
[Site "Copenhagen"]
[Date "1979.??.??"]
[Round "?"]
[White "Mikhalchishin, Adrian"]
[Black "Kristiansen, Jens"]
[Result "0-1"]
[WhiteElo "2480"]
[BlackElo "2365"]
[PlyCount "96"]
[EventDate "1979.??.??"]
[EventType "tourn"]
[EventRounds "11"]
[EventCountry "DEN"]
[EventCategory "6"]

1. d4 f5 2. Nf3 Nf6 3. c4 e6 4. Nc3 Bb4 5. g3 Bxc3+ 6. bxc3 O-O 7. Bg2 d6 8.
O-O Ne4 9. Qd3 Nd7 10. Ne1 Nef6 11. Nc2 Rb8 12. Bd2 Qe7 13. Rae1 e5 14. c5 e4
15. cxd6 Qe6 16. Qb5 cxd6 17. c4 a6 18. Qb4 b5 19. Bf4 Rb6 20. d5 Qf7 21. Be3
Rb8 22. Qxd6 bxc4 23. Rd1 Rb5 24. Nb4 Ne8 25. Qc6 Ne5 26. Qxc8 Nc7 27. Qxf8+
Qxf8 28. d6 Ne6 29. Nd5 Rb7 30. Ne7+ Kh8 31. Rc1 Rd7 32. Bh3 Ng4 33. Bxg4 fxg4
34. Rfd1 Qf7 35. Rxc4 h6 36. Rxe4 Nd8 37. Rxg4 Qxa2 38. Rf4 Ne6 39. Rf7 Qc2 40.
Rd2 Qb1+ 41. Kg2 Qe4+ 42. Rf3 a5 43. h4 a4 44. Kh2 a3 45. Rf5 Kh7 46. Ra5 Qb4
47. Ra6 Nc5 48. Nd5 Qxd2 0-1

[Event "AS04 75 Anniversary"]
[Site "Copenhagen"]
[Date "1979.??.??"]
[Round "?"]
[White "Mikhalchishin, Adrian"]
[Black "Westerinen, Heikki"]
[Result "1-0"]
[WhiteElo "2480"]
[BlackElo "2465"]
[PlyCount "81"]
[EventDate "1979.??.??"]
[EventType "tourn"]
[EventRounds "11"]
[EventCountry "DEN"]
[EventCategory "6"]

1. d4 Nf6 2. c4 g6 3. Nf3 Bg7 4. g3 O-O 5. Bg2 d6 6. O-O Bf5 7. b3 Qc8 8. Bb2
Re8 9. d5 Bh3 10. Nc3 Bxg2 11. Kxg2 e6 12. Qc2 exd5 13. Nxd5 Nxd5 14. cxd5 Bxb2
15. Qxb2 Qf5 16. Rfd1 Na6 17. b4 Re4 18. a3 Rae8 19. e3 Rc4 20. Rac1 Ree4 21.
Qb3 Rxc1 22. Rxc1 Re7 23. Qc4 Nb8 24. Qh4 f6 25. Qd4 b6 26. Rc4 Rf7 27. Qd2 Kg7
28. e4 Qd7 29. Nd4 Kg8 30. Qc2 Qc8 31. Ne6 Na6 32. Rc6 Qe8 33. Qc4 Nb8 34. Rxc7
Rxc7 35. Qxc7 Nd7 36. Qxd6 Ne5 37. Qc7 Nf7 38. Qxa7 h5 39. Qxb6 Qa4 40. Qb8+
Kh7 41. Qf8 1-0

[Event "AS04 75 Anniversary"]
[Site "Copenhagen"]
[Date "1979.??.??"]
[Round "?"]
[White "Schussler, Harry"]
[Black "Brinck Claussen, Bjorn"]
[Result "1-0"]
[WhiteElo "2460"]
[BlackElo "2375"]
[PlyCount "83"]
[EventDate "1979.??.??"]
[EventType "tourn"]
[EventRounds "11"]
[EventCountry "DEN"]
[EventCategory "6"]

1. d4 Nf6 2. c4 g6 3. Nc3 d5 4. Nf3 Bg7 5. Bg5 dxc4 6. e4 c5 7. d5 b5 8. e5 b4
9. exf6 exf6 10. Qe2+ Kf8 11. Be3 bxc3 12. Bxc5+ Kg8 13. bxc3 Nd7 14. Be7 Qe8
15. Bb4 Ne5 16. Nxe5 fxe5 17. Qxc4 a5 18. Bd6 e4 19. Rc1 Bb7 20. Qb5 Qxb5 21.
Bxb5 Bxd5 22. c4 Be6 23. O-O f5 24. a4 Kf7 25. c5 Rhd8 26. Bf4 Bf6 27. c6 g5
28. Be3 f4 29. c7 Rd6 30. Bc5 Rd2 31. Bc6 Rc8 32. Bb6 Bb2 33. Rb1 Rd6 34. Bb7
Rxb6 35. Bxc8 Bxc8 36. Rfd1 e3 37. fxe3 fxe3 38. Rd8 Bd4 39. Rf1+ Bf5 40. Rxf5+
Kg6 41. Rxd4 e2 42. Re5 1-0

[Event "AS04 75 Anniversary"]
[Site "Copenhagen"]
[Date "1979.??.??"]
[Round "?"]
[White "Schussler, Harry"]
[Black "Djuric, Stefan"]
[Result "1/2-1/2"]
[WhiteElo "2460"]
[BlackElo "2415"]
[PlyCount "37"]
[EventDate "1979.??.??"]
[EventType "tourn"]
[EventRounds "11"]
[EventCountry "DEN"]
[EventCategory "6"]

1. e4 e5 2. Nf3 Nc6 3. Bb5 a6 4. Bxc6 dxc6 5. O-O f6 6. d4 exd4 7. Nxd4 c5 8.
Nb3 Qxd1 9. Rxd1 Bg4 10. f3 Be6 11. Be3 b6 12. Nc3 Bd6 13. a4 Kf7 14. a5 c4 15.
Nd4 b5 16. Nxe6 Kxe6 17. Ne2 Ne7 18. Rd2 Nc6 19. Nd4+ 1/2-1/2

[Event "AS04 75 Anniversary"]
[Site "Copenhagen"]
[Date "1979.??.??"]
[Round "?"]
[White "Schussler, Harry"]
[Black "Hoi, Carsten"]
[Result "0-1"]
[WhiteElo "2460"]
[BlackElo "2355"]
[PlyCount "83"]
[EventDate "1979.??.??"]
[EventType "tourn"]
[EventRounds "11"]
[EventCountry "DEN"]
[EventCategory "6"]

1. d4 Nf6 2. c4 d6 3. Nc3 g6 4. Bg5 h6 5. Bxf6 exf6 6. e3 Bg7 7. Bd3 O-O 8.
Nge2 f5 9. O-O Nd7 10. b4 Re8 11. c5 Nf6 12. Nf4 d5 13. b5 Be6 14. a4 h5 15. a5
Bh6 16. Rb1 Ne4 17. Qc2 h4 18. b6 axb6 19. axb6 c6 20. Nfe2 h3 21. g3 Qe7 22.
Ra1 Rxa1 23. Rxa1 Nxf2 24. Kxf2 Bd7 25. Kf1 Qxe3 26. Ng1 Qxd4 27. Nxh3 f4 28.
Nf2 fxg3 29. hxg3 Be3 30. Bxg6 fxg6 31. Qxg6+ Qg7 32. Qxg7+ Kxg7 33. Ra7 Bc8
34. Nd3 Re7 35. Ne2 Bh3+ 36. Ke1 Bf5 37. Ndf4 Bxf4 38. gxf4 Bd3 39. Ra2 Kf6 40.
Kf2 Bxe2 41. Rxe2 Rxe2+ 42. Kxe2 0-1

[Event "AS04 75 Anniversary"]
[Site "Copenhagen"]
[Date "1979.??.??"]
[Round "?"]
[White "Schussler, Harry"]
[Black "Westerinen, Heikki"]
[Result "0-1"]
[WhiteElo "2460"]
[BlackElo "2465"]
[PlyCount "62"]
[EventDate "1979.??.??"]
[EventType "tourn"]
[EventRounds "11"]
[EventCountry "DEN"]
[EventCategory "6"]

1. e4 e5 2. Nf3 Nc6 3. Bb5 a6 4. Bxc6 dxc6 5. O-O Bd6 6. d4 exd4 7. Qxd4 f6 8.
b3 Ne7 9. Nbd2 Be6 10. Nc4 Bb4 11. Ne3 c5 12. Qxd8+ Rxd8 13. Bb2 O-O 14. Rfd1
c6 15. Kf1 Nc8 16. e5 Kf7 17. Ke2 Ne7 18. exf6 gxf6 19. c4 Nf5 20. Nc2 Rfe8 21.
Kf1 Ba5 22. Nce1 b5 23. Nd3 Rxd3 24. Rxd3 bxc4 25. Rdd1 c3 26. Ba3 c2 27. Rd2
Bxd2 28. Nxd2 Rd8 29. Ke1 Nh4 30. g3 Bg4 31. Rc1 Nf3+ 0-1

[Event "AS04 75 Anniversary"]
[Site "Copenhagen"]
[Date "1979.??.??"]
[Round "?"]
[White "Wahlbom, Magnus"]
[Black "Auchenberg, Per"]
[Result "0-1"]
[WhiteElo "2375"]
[BlackElo "2225"]
[PlyCount "112"]
[EventDate "1979.??.??"]
[EventType "tourn"]
[EventRounds "11"]
[EventCountry "DEN"]
[EventCategory "6"]

1. e4 c5 2. Nf3 e6 3. d4 cxd4 4. Nxd4 Nc6 5. Nc3 Bb4 6. Be2 Nf6 7. O-O a6 8.
Qd3 Qc7 9. Nxc6 bxc6 10. a3 Be7 11. f4 d5 12. Bf3 O-O 13. Kh1 a5 14. Re1 Ba6
15. Qd2 Rfd8 16. e5 Nd7 17. Qf2 Rab8 18. Qg3 Nf8 19. Be2 Bxe2 20. Nxe2 c5 21.
Qh3 f6 22. exf6 Bxf6 23. Rb1 c4 24. c3 Qf7 25. Be3 Rb5 26. a4 Rb3 27. Nd4 Bxd4
28. Bxd4 Rdb8 29. Be5 R8b7 30. Qe3 Qd7 31. Qc5 Rxb2 32. Rxb2 Rxb2 33. Qxa5 Ra2
34. Qc5 Rxa4 35. Rb1 Qa7 36. Qb5 Ra1 37. h3 Rxb1+ 38. Qxb1 Ng6 39. Bd4 Qc7 40.
g3 Ne7 41. Kg2 Nc6 42. Qb5 Kf7 43. Bf2 Ne7 44. Qb1 h6 45. Bd4 Nc6 46. Bf2 Qb8
47. Qd1 Kg8 48. Qg4 Qe8 49. Qd1 Qf7 50. Qa4 Ne7 51. Qd7 Nf5 52. Qc8+ Kh7 53. g4
Nd6 54. Qd8 Qxf4 55. Qe7 Ne4 56. Be1 Qf6 0-1

[Event "AS04 75 Anniversary"]
[Site "Copenhagen"]
[Date "1979.??.??"]
[Round "?"]
[White "Wahlbom, Magnus"]
[Black "Iskov, Gert"]
[Result "1/2-1/2"]
[WhiteElo "2375"]
[BlackElo "2370"]
[PlyCount "82"]
[EventDate "1979.??.??"]
[EventType "tourn"]
[EventRounds "11"]
[EventCountry "DEN"]
[EventCategory "6"]

1. e4 e5 2. Nf3 Nc6 3. Bb5 a6 4. Bxc6 dxc6 5. O-O Qd6 6. d3 Ne7 7. Be3 Ng6 8.
Nbd2 Be7 9. Nc4 Qf6 10. d4 exd4 11. Qxd4 Bg4 12. Nce5 Nxe5 13. Nxe5 Be6 14. f4
Bd6 15. Nxc6 bxc6 16. e5 Bxe5 17. fxe5 Qg6 18. Qc5 Bd5 19. Rf2 Qe6 20. Re1 Rb8
21. b3 Qe7 22. Qa7 Qb4 23. Rd1 Qb7 24. c4 Be6 25. Qd4 O-O 26. Rf3 Qc8 27. Qh4
Bf5 28. Rf4 Qe6 29. Qg5 Bg6 30. Rfd4 Rfe8 31. Bf4 h6 32. Qg3 Qf5 33. Qf2 Bh5
34. R1d2 f6 35. Rd7 fxe5 36. Qg3 Qb1+ 37. Rd1 Qg6 38. Qxg6 Bxg6 39. Be3 Rbc8
40. Rf1 Red8 41. Rfd1 Re8 1/2-1/2

[Event "AS04 75 Anniversary"]
[Site "Copenhagen"]
[Date "1979.??.??"]
[Round "?"]
[White "Wahlbom, Magnus"]
[Black "Krnic, Zdenko"]
[Result "1-0"]
[WhiteElo "2375"]
[BlackElo "2390"]
[PlyCount "77"]
[EventDate "1979.??.??"]
[EventType "tourn"]
[EventRounds "11"]
[EventCountry "DEN"]
[EventCategory "6"]

1. e4 c5 2. Nf3 Nc6 3. d4 cxd4 4. Nxd4 e6 5. Nc3 Nge7 6. Be2 a6 7. f4 b5 8. O-O
Bb7 9. Kh1 Rc8 10. f5 b4 11. Na4 Qa5 12. Nb3 Qc7 13. Nac5 Ne5 14. Bf4 N7c6 15.
Qe1 Be7 16. Qg3 Bf6 17. Rad1 Qb6 18. Be3 Qc7 19. fxe6 dxe6 20. Rxf6 gxf6 21.
Qg7 Ng6 22. Rd7 Qxd7 23. Nxd7 Kxd7 24. Nc5+ Kc7 25. Qxf7+ Nge7 26. Qxe6 Rcd8
27. Nxb7 Kxb7 28. Qc4 Ra8 29. Qc5 Kc7 30. Bf4+ Kb7 31. h3 Rhd8 32. Be3 Nc8 33.
Bc4 N6e7 34. Bf4 Rd7 35. Be6 Rd1+ 36. Kh2 Nc6 37. Bd5 N8a7 38. Qe7+ Kb6 39.
Qc7+ 1-0

[Event "AS04 75 Anniversary"]
[Site "Copenhagen"]
[Date "1979.??.??"]
[Round "?"]
[White "Wahlbom, Magnus"]
[Black "Larsen, Bent"]
[Result "0-1"]
[WhiteElo "2375"]
[BlackElo "2620"]
[PlyCount "72"]
[EventDate "1979.??.??"]
[EventType "tourn"]
[EventRounds "11"]
[EventCountry "DEN"]
[EventCategory "6"]

1. e4 c5 2. Nf3 Nc6 3. d4 cxd4 4. Nxd4 Nf6 5. Nc3 d6 6. Be2 e5 7. Nb3 Be7 8.
O-O Be6 9. Be3 Rc8 10. f4 exf4 11. Rxf4 Nd7 12. Rf2 O-O 13. Nd4 Nxd4 14. Bxd4
Re8 15. Nd5 Bh4 16. g3 Bxd5 17. exd5 Bf6 18. Bg4 Rc4 19. Bxf6 Nxf6 20. Bf3 Qb6
21. c3 Ne4 22. Bxe4 Rcxe4 23. Qb3 Re1+ 24. Rxe1 Rxe1+ 25. Kg2 Qxb3 26. axb3 Rd1
27. c4 a5 28. Re2 Kf8 29. Kf2 Rd3 30. Re3 Rd2+ 31. Re2 Rxe2+ 32. Kxe2 f5 33. h4
g6 34. Ke3 Ke7 35. Kf4 Kf6 36. g4 fxg4 0-1

[Event "AS04 75 Anniversary"]
[Site "Copenhagen"]
[Date "1979.??.??"]
[Round "?"]
[White "Wahlbom, Magnus"]
[Black "Mikhalchishin, Adrian"]
[Result "1-0"]
[WhiteElo "2375"]
[BlackElo "2480"]
[PlyCount "97"]
[EventDate "1979.??.??"]
[EventType "tourn"]
[EventRounds "11"]
[EventCountry "DEN"]
[EventCategory "6"]

1. e4 e5 2. Nf3 Nc6 3. Bb5 a6 4. Bxc6 dxc6 5. O-O Qd6 6. d3 f6 7. Be3 c5 8.
Nbd2 Be6 9. Qe2 Ne7 10. c3 O-O-O 11. d4 cxd4 12. cxd4 exd4 13. Nxd4 Nc6 14.
N2b3 Nxd4 15. Nxd4 Bd7 16. Rac1 Qe5 17. Nf3 Qe6 18. Bf4 Bd6 19. Nd4 Qe7 20. Qe3
Kb8 21. Rfe1 Rhe8 22. a3 Bc8 23. Nf3 Bxf4 24. Qxf4 g5 25. Qe3 g4 26. Nd2 Rd6
27. Nf1 Qe5 28. Rc3 h5 29. Qc1 Rd4 30. Rc5 Qd6 31. Rxh5 Rdxe4 32. Rxe4 Rxe4 33.
Rh8 Qe5 34. Qh6 Re1 35. Qd2 Rb1 36. Qd7 Ka7 37. Rxc8 c6 38. Qd3 Qxb2 39. h4
gxh3 40. gxh3 Re1 41. Kg2 f5 42. Qxf5 Qxa3 43. h4 Qc3 44. Ng3 a5 45. h5 a4 46.
h6 a3 47. h7 a2 48. h8=Q Rg1+ 49. Kh2 1-0

[Event "AS04 75 Anniversary"]
[Site "Copenhagen"]
[Date "1979.??.??"]
[Round "?"]
[White "Wahlbom, Magnus"]
[Black "Schussler, Harry"]
[Result "0-1"]
[WhiteElo "2375"]
[BlackElo "2460"]
[PlyCount "98"]
[EventDate "1979.??.??"]
[EventType "tourn"]
[EventRounds "11"]
[EventCountry "DEN"]
[EventCategory "6"]

1. e4 g6 2. d4 Bg7 3. Nf3 d6 4. Nc3 Nf6 5. Be2 O-O 6. O-O Nc6 7. Be3 e5 8. d5
Ne7 9. Ne1 c6 10. dxc6 bxc6 11. Nd3 d5 12. exd5 Nfxd5 13. Nxd5 cxd5 14. c3 Nf5
15. Bc5 Re8 16. Bg4 a5 17. f4 e4 18. Bxf5 Bxf5 19. Ne5 f6 20. Nc6 Qc7 21. Qxd5+
Be6 22. Qxe4 f5 23. Qf3 Ra6 24. Ne7+ Kf7 25. Ba3 Rxe7 26. Bxe7 Qxe7 27. Rfe1 a4
28. Kh1 Qc7 29. h3 a3 30. bxa3 Rb6 31. Rab1 Bxa2 32. Rxb6 Qxb6 33. Qe2 Be6 34.
c4 Qc6 35. a4 Bc3 36. Rc1 Ba5 37. c5 Qxa4 38. Qe5 Qe4 39. Qh8 Qxf4 40. Qxh7+
Kf6 41. Rd1 Bc7 42. Qh8+ Kg5 43. h4+ Qxh4+ 44. Qxh4+ Kxh4 45. Re1 Bd5 46. c6
Kg3 47. Re2 Be4 48. Rb2 Be5 49. Re2 g5 0-1

[Event "AS04 75 Anniversary"]
[Site "Copenhagen"]
[Date "1979.??.??"]
[Round "?"]
[White "Westerinen, Heikki"]
[Black "Auchenberg, Per"]
[Result "1-0"]
[WhiteElo "2465"]
[BlackElo "2225"]
[PlyCount "59"]
[EventDate "1979.??.??"]
[EventType "tourn"]
[EventRounds "11"]
[EventCountry "DEN"]
[EventCategory "6"]

1. e4 c5 2. Nf3 e6 3. d4 cxd4 4. Nxd4 a6 5. Bd3 Qc7 6. O-O Nf6 7. Kh1 d6 8. f4
Nbd7 9. c4 b6 10. Nc3 Bb7 11. Qe2 Be7 12. b3 O-O 13. Bb2 Rfe8 14. Rae1 e5 15.
Nf5 Bf8 16. Nd5 Bxd5 17. cxd5 g6 18. fxe5 Nxe5 19. Ng3 Nxd3 20. Qxd3 Nd7 21.
Nh5 Qd8 22. Qf3 f5 23. Qh3 Qe7 24. Nf4 Nc5 25. Nxg6 Qg5 26. Nxf8 Rxf8 27. Qc3
f4 28. Qh8+ Kf7 29. Qxh7+ Ke8 30. e5 1-0

[Event "AS04 75 Anniversary"]
[Site "Copenhagen"]
[Date "1979.??.??"]
[Round "?"]
[White "Westerinen, Heikki"]
[Black "Hoi, Carsten"]
[Result "1/2-1/2"]
[WhiteElo "2465"]
[BlackElo "2355"]
[PlyCount "55"]
[EventDate "1979.??.??"]
[EventType "tourn"]
[EventRounds "11"]
[EventCountry "DEN"]
[EventCategory "6"]

1. e4 g6 2. d4 Bg7 3. Nc3 c6 4. Nf3 d6 5. Be2 Nf6 6. O-O O-O 7. h3 Qc7 8. a4 a5
9. Be3 e5 10. dxe5 dxe5 11. Nd2 Rd8 12. Qc1 Be6 13. Nc4 Nbd7 14. Rd1 b6 15. Bg5
Nc5 16. f3 Rd4 17. b3 Nh5 18. Bf1 f5 19. Be3 Rad8 20. Rb1 Rxd1 21. Nxd1 Ng3 22.
Nf2 Bf8 23. exf5 Nxf5 24. Bg5 Rd7 25. Qe1 e4 26. fxe4 Nd4 27. Qc3 Bg7 28. e5
1/2-1/2